000
00262nam a2200097Ia 4500
008
230907s9999||||xx |||||||||||||| ||und||
082
_a
697.9316
_b
ASH
245
0
_a
Thermal guidelines for data processing environments /
300
_a
xii, 145 pages :
942
_c
BK
999
_c
599533
_d
599533